05426cam a2200601 i 4500999001700000006001900017007001500036007001500051008004100066020003600107020003300143040001900176042000800195072002500203082001400228082001400242084001600256100003000272245003300302260013800335300005700473490005900530504005300589505059100642505059701233505060501830505054302435506005402978520060503032533010603637546001303743583008503756650004003841650006003881650005603941650004203997650007504039650005804114650004104172650003504213650001904248650003904267651002504306655001504331655002204346655002304368655002504391700004004416776023904456830006004695856006104755942000804816 c27262d27262m o d cr bn||||||abpcr bn||||||ada110307s1979 enka obs 001 0 eng d a9781483156095q(electronic bk.) a1483156095q(electronic bk.) aOCLCEbengepn adlr 7aSOCx0270002bisacsh04a314.121804a386/.0941 aQG 4102rvk1 aBaxter, R. E.q(Ron Eric)10aPorts and inland waterways / aOxford ;aNew York :bPublished for the Royal Statistical Society and the Social Science Research Council [by] Pergamon Press,c1979. a1 online resource (xiii, 302 pages) :billustrations1 aReviews of United Kingdom statistical sources ;vv. 10 aIncludes bibliographical references and indexes.0 aFront Cover; Ports and Inland Waterways and Civil Aviation; Copyright Page; Table of Contents; FOREWORD; MEMBERSHIP OF THE JOINT STEERING COMMITTEE; INTRODUCTION; PART 17: PORTS AND INLAND WATERWAYS; REFERENCE DATE OF SOURCES REVIEWED; LIST OF ABBREVIATIONS; ACKNOWLEDGEMENTS; CHAPTER 1. INTRODUCTION; CHAPTER 2. STATISTICS OF PORT ENTERPRISES; 2.1. Introduction; 2.2. Sources and Data; 2.3. Foreign Traffic by Commodity; 2.4. Coastwise Traffic by Commodity; 2.5. Special Traffic; 2.6. Scheme and Non-scheme Port Traffic; 2.7. Container and Roll-on Traffic; 2.8. Contents of Containers.8 a2.9. Driver Accompanied and Unaccompanied Road Goods Vehicles2.10. Restow Movements; CHAPTER 3. TRANSHIPMENT AND TRANSIT MOVEMENTS; CHAPTER 4. FISHERY TRAFFIC; CHAPTER 5. PASSENGER TRAFFIC; 5.1. Accompanied Vehicles; CHAPTER 6. STATISTICS OF CUSTOMS PORTS; 6.1. Foreign Trade; 6.2. Container and Roll-on Statistics; CHAPTER 7. MANPOWER; 7.1. National Ports Council; 7.2. Non-Scheme Ports; 7.3. The National Dock Labour Board; 7.4. Department of Employment; 7.5. Accident Statistics; CHAPTER 8. INLAND WATER TRANSPORT; CHAPTER 9. SHIPPING MOVEMENTS; 9.1. Pilotage; CHAPTER 10. PORT FACILITIES.8 aCHAPTER 11. FINANCECHAPTER 12. CURRENT AND PROPOSED DEVELOPMENTS; QUICK REFERENCE LIST-TABLE OF CONTENTS; BIBLIOGRAPHY; APPENDICES; SUBJECT INDEX; PART 18: CIVIL AVIATION; REFERENCE DATE OF SOURCES REVIEWED; LIST OF ABBREVIATIONS; ACKNOWLEDGEMENTS; CHAPTER 1. THE BACKGROUND TO FIGURES ON CIVIL AVIATION; 1.1. Introduction; 1.2. Definitions and Outline; 1.3. The General Organization of Civil Aviation; CHAPTER 2. STATISTICAL RETURNS: BASIC DESCRIPTION; 2.1. Regular Government and CAA Sources; 2.2. Sources from Individual Airport Studies; 2.3. International Bodies; 2.4. Individual Airline Figures.8 a2.5. The British Tourist Authority2.6. The Airline Users Committee; 2.7. Other Individual Studies; CHAPTER 3. COMMENTS ON AVAILABLE DATA; 3.1. General Aviation; 3.2. Air Transport; 3.3. Airports; 3.4. Personnel; 3.5. Financial Statistics; CHAPTER 4. COMMENTS AND SUGGESTIONS; 4.1. The Cataloguing and Description of Sources; 4.2. The Coverage of Sources; ADDENDUM ON RECENT DEVELOPMENTS; QUICK REFERENCE LIST-TABLE OF CONTENTS; SELECT BIBLIOGRAPHY; COVERAGE OF PUBLICATIONS; USEFUL LIBRARIES AND BODIES; LIST OF APPENDICES; SUBJECT INDEX. 3Use copyfRestrictions unspecified2star5MiAaHDL aPorts and Inland Waterways is a review of sources of statistics on ports and inland waterways in the United Kingdom and covers subjects such as foreign traffic by commodity; coastwise traffic by commodity; special traffic; scheme and non-scheme port traffic; container and roll-on traffic; contents of containers; driver accompanied and unaccompanied road goods vehicles; and restow movements. Transhipment and transit movements are also included, along with fishery traffic, passenger traffic, and shipping movements. This volume is comprised of 12 chapters and begins with an overview of ports and. aElectronic reproduction.b[Place of publication not identified] :cHathiTrust Digital Library,d2011. aEnglish.1 adigitizedc2011hHathiTrust Digital Librarylcommitted to preserve2pda5MiAaHDL 0aHarborszGreat BritainvStatistics. 0aInland water transportationzGreat BritainvStatistics. 0aAeronautics, CommercialzGreat BritainvStatistics. 6aPortszGrande-BretagnevStatistiques. 6aTransports de navigation int�erieurezGrande-BretagnevStatistiques. 6aTransports a�erienszGrande-BretagnevStatistiques. 7aSOCIAL SCIENCExStatistics.2bisacsh 7aAeronautics, Commercial.2fast 7aHarbors.2fast 7aInland water transportation.2fast 7aGreat Britain.2fast 2aStatistics 7aStatistics.2fast 7aStatistics.2lcgft 7aStatistiques.2rvmgf1 aPhillips, Celia M.tCivil aviation.08iPrint version:aBaxter, R.E. (Ron Eric).tPorts and inland waterways.dOxford ; New York : Published for the Royal Statistical Society and the Social Science Research Council [by] Pergamon Press, 1979w(DLC) 78040506w(OCoLC)4136375 0aReviews of United Kingdom statistical sources ;vv. 10.40uhttps://www.sciencedirect.com/science/book/9780080224602 cEBK